<?xml version="1.0" encoding="UTF-8"?>
<marc:record xmlns:marc="http://www.loc.gov/MARC21/slim">
   <marc:leader>00000nam a2200000 a 4500</marc:leader>
   <marc:datafield ind1="1" ind2=" " tag="100">
      <marc:subfield code="a">Leitzgen, Anke M.</marc:subfield>
      <marc:subfield code="4">aut</marc:subfield>
      <marc:subfield code="e">Verfasser/-in</marc:subfield>
   </marc:datafield>
   <marc:datafield ind1="1" ind2=" " tag="100">
      <marc:subfield code="a">Bockelmann, Anna</marc:subfield>
      <marc:subfield code="4">aut</marc:subfield>
      <marc:subfield code="e">Verfasser/-in</marc:subfield>
   </marc:datafield>
   <marc:datafield ind1="1" ind2=" " tag="100">
      <marc:subfield code="a">Rienermann, Lisa</marc:subfield>
   </marc:datafield>
   <marc:datafield ind1=" " ind2=" " tag="653">
      <marc:subfield code="a">Meer</marc:subfield>
   </marc:datafield>
   <marc:datafield ind1=" " ind2=" " tag="653">
      <marc:subfield code="a">Forschungen</marc:subfield>
   </marc:datafield>
   <marc:datafield ind1="0" ind2="0" tag="245">
      <marc:subfield code="a">Erforsche das Meer</marc:subfield>
   </marc:datafield>
   <marc:datafield ind1="0" ind2="0" tag="245">
      <marc:subfield code="b">Kinder entdecken Küsten und Meere</marc:subfield>
   </marc:datafield>
   <marc:datafield ind1="0" ind2="0" tag="245">
      <marc:subfield code="c">Anke M. Leitzgen ; Anna Bockelmann. Lisa Rienermann</marc:subfield>
   </marc:datafield>
   <marc:datafield ind1=" " ind2="1" tag="264">
      <marc:subfield code="a">Weinheim ; Basel</marc:subfield>
      <marc:subfield code="b">Beltz &amp; Gelberg</marc:subfield>
      <marc:subfield code="c">2016</marc:subfield>
   </marc:datafield>
   <marc:datafield ind1=" " ind2=" " tag="250">
      <marc:subfield code="a">1. Aufl.</marc:subfield>
   </marc:datafield>
   <marc:datafield ind1="1" ind2=" " tag="520">
      <marc:subfield code="a">Am Meer und an den Küsten gibt es tausend faszinierende Dinge zu erforschen. Warum ist das Meer manchmal da und manchmal weg? Wie können Tiere in der Tiefsee leben? Wie unterscheiden sich Fels- und Steilküsten? In diesem Buch finden sich viele Antworten auf spannende Fragen. Dazu gibt es jede Menge Expertenwissen zum Meer und zu Küsten sowie zahlreiche Experimente, mit denen Kinder selber zu Meeresforschern werden. Aus dem Inhalt - Warum wird die Erde blauer Planet genannt? - Wie ist das Leben im Meer entstanden? - Warum ist das Meer manchmal weg? - Wo sind Tiere im Watt? Wie können Tiere in der Tiefsee überleben? - Was schwimmt im Meer und ist gefährlich? - Wie entstehen Wind und Stürme? - Wie unterscheiden sich die Küsten von Ostsee, Nordsee, Atlantik und Mittelmeer? - Kinderinterviews: Wie lebt es sich an deinem Strand? - Experteninterviews, z. B. mit Wattführerin, Klimaforscher, Erfinder, Museumsdirektor, Algenforscher und Meeresbiologin u. v. m. (Verlagstext)</marc:subfield>
   </marc:datafield>
   <marc:datafield ind1=" " ind2=" " tag="020">
      <marc:subfield code="a">9783407821300</marc:subfield>
      <marc:subfield code="9">9783407821300</marc:subfield>
   </marc:datafield>
   <marc:datafield ind1=" " ind2=" " tag="041">
      <marc:subfield code="a">ger</marc:subfield>
   </marc:datafield>
   <marc:datafield ind1=" " ind2=" " tag="300">
      <marc:subfield code="a">156 Seiten : Illustr</marc:subfield>
   </marc:datafield>
</marc:record>
